000 00826nac a22002051u 4500
010 _a 92015842
020 _a0875843255 (acid-free paper)
082 0 0 _a658.8
_bMAR
090 _c7482
_d7482
100 _aMorone, Joseph G.
245 1 0 _aWinning in high-tech markets :
_bthe role of general management /
_cJoseph Morone.
260 _aBoston, Mass. :
_bHarvard Business School Press,c1993.
_cc1993.
300 _aviii, 292 p. :
_bill. ;
_c24 cm.
500 _aDistributer: Al-Ahram.
504 _aIncludes bibliographical references and index.
511 _aCatalogued By: Mahitab.
650 0 _aHigh technology industries
_zUnited States
_xManagement.
942 _cBB
_k658.8MAR
999 _c7482
_d7482